000
00478nam a2200181Ia 4500
008
100917s9999 xx 000 0 und d
082
_b
4975
100
_a
गाडगीळ न. वि.
245
_a
स्मृतिविशेष
260
_b
---
_c
1958
300
_a
138
365
_b
2
520
_a
निबंध
630
_a
स्मृतिविशेष
650
_a
निबंध
730
_a
स्मृतिविशेष
942
_c
BOOK
999
_c
610369
_d
610366